Quizzes
Events
Quiz Creation
Community
Videos
Private Events
Remove Ads
Sign In
Join for FREE
Feedback
Dark Mode
Quiz Categories
Sports
Geography
Music
Movies
Television
Just For Fun
Miscellaneous
History
Literature
Language
Science
Gaming
Entertainment
Religion
Holiday
For Kids
Quiz Lab
Recent
Popular Today
Quiz Kudos Today
Editor Picks
Curator Picks
Quizzes by...
Day
Popularity
Type
Ratings
Length
Year
Community
Subscriptions
Recent Discussions
Orange Saloon
Badges
Playlists
Quests
Create
Leaderboards
Showdown
Live 5
Trivia Bingo
Activity
Puzzle Library
Sporcle Events
Private Events
Virtual Trivia
Globe League
Become a Host
Pub Owners
SporcleCon
Opinionation
Our Games
Videos
Blog
Mobile Apps
Partnerships
Remove Ads and Go Orange
Feedback
Sports
Athletes
MLB
NBA
NHL
NFL
Soccer
Sports Teams
WWE
NCAA
Football
Premier League
Basketball
Baseball
Hockey
Golf
Tennis
Cricket
Rugby
Auto Racing
Olympics
World Cup
Sports
Athletes
MLB
NBA
NHL
NFL
Soccer
Sports Teams
WWE
NCAA
Football
Premier League
Basketball
Baseball
Hockey
Golf
Tennis
Cricket
Rugby
Auto Racing
Olympics
World Cup
Random Quiz
Search Sporcle
×
Quiz Lab
Quiz Lab
Sports
2000
Type in answers that appear in a list
Type in answers that appear in a list
Classic
Best Score? Go Orange.
3 pointers made since 2005/06 Stats
Can you name the Players that have made the most 3's each season since 2000?
By
danielsuckshard
12m
40 Questions
178 Plays
178 Plays
178 Plays
Comments
Comments
Give Quiz Kudos
Give Quiz Kudos
-
- Ratings
hide this ad
Replay
Link that replays current quiz
Next Quiz
Link to next quiz in quiz playlist
You Got
0%
They Got
Avg Score
71%
Avg Friend Score
Upgrade to see
Score Distribution
Jump to the score distribution portion of the page
Score
0/40
Timer
12:00
0
Plays Today
Year
Player
% Correct
08/
09
Ray Allen
99.4%
07/
08
Ray Allen
99.4%
06/
07
Ray Allen
99.4%
05/
06
Ray Allen
99.4%
07/
08
Steve Nash
95.5%
06/
07
Gilbert Arenas
91.6%
05/
06
Gilbert Arenas
91.6%
08/
09
Rashard Lewis
89.3%
07/
08
Rashard Lewis
89.3%
08/
09
Mo Williams
86.5%
05/
06
Chauncey Billups
85.4%
08/
09
Jason Terry
84.8%
06/
07
Jason Terry
84.8%
05/
06
Jason Terry
84.8%
08/
09
Danny Granger
84.3%
07/
08
Danny Granger
84.3%
05/
06
Kobe Bryant
81.5%
08/
09
Mike Bibby
80.9%
06/
07
Mike Bibby
80.9%
05/
06
Mike Bibby
80.9%
Year
Player
% Correct
08/
09
JR Smith
80.3%
08/
09
Ben Gordon
78.7%
07/
08
Peja Stojakovic
78.1%
07/
08
Jason Richardson
71.3%
05/
06
Jason Richardson
71.3%
06/
07
Mike Miller
70.2%
07/
08
Stephen Jackson
65.7%
06/
07
Leandro Barbosa
60.7%
07/
08
Jamal Crawford
59.6%
07/
08
Baron Davis
55.6%
07/
08
Raja Bell
53.4%
06/
07
Raja Bell
53.4%
05/
06
Raja Bell
53.4%
06/
07
Shane Battier
52.8%
08/
09
Al Harrington
52.2%
08/
09
Roger Mason
38.2%
05/
06
Kyle Korver
34.8%
06/
07
Rafer Alston
32%
05/
06
Morris Peterson
31.5%
06/
07
Luther Head
12.4%
Quiz Playlist
Details
Report
Send in Message
Add To Playlist
Classic:
Type in answers that appear in a list
Last Updated: Feb 16, 2017
Quiz Scoreboard
CHALLENGE
Sign Up to Join the Scoreboard
Show All
Scores
Hide
Comments
May contain spoilers
Recently Published
Movies - When Are They Set?
by FPL_Elf
Movies
5m
Popular People in 1961
by mucciniale
History
6m
1-10 Letter E Words III
by El_Dandy
Language
2m
More to Explore
Quiz From the Vault
Featured Blog Post
Where Did the Easter Bunny Come From?
hide this ad
You Might Also Like...
Tags
2000
2005
Player
Pointer
season
team
Today's Top Quizzes in Sports
Browse Sports
hide this ad
Today's Top Quizzes in 2000
Browse 2000
Top Contributed Quizzes in Sports
1
Les meilleurs buteurs des matchs entre le PSG et l’OM
2
Les entraîneurs de l'OM et du PSG au 21e siècle
3
FIFA Club World Cup Champions
4
2022 World Cup Stars
5
Name the Premier League winners with different clubs
6
La finale Lions - Afrique du Sud 2021
7
Criteria MLB: Left Handed Sluggers
8
Players with Multiple 50 Home Run Seasons
9
MLB Players with Two .350 Batting Average Seasons
10
MLB Hall of Famer by Rings
Explore More
Trending Topics
Marvel
NBA
Kpop
Disney
Anime
Harry Potter
Crossword
Country
NFL
Soccer
Song
Pokémon
The Office
WWE
Puzzle
hide this ad
More By:
danielsuckshard
Quiz
Plays
Rating
Category
Featured
Created
NBC's Top 100 Active NBA Players
3,948
3.44
Sports
Jan 28, 2010
Division 1 Basketball Teams
533
3.00
Sports
Jan 21, 2010
NBA starting lineups 10-11
348
2.00
Sports
Dec 29, 2010
Profesional Athletes numbers
271
5.00
Sports
Jan 15, 2010
3 pointers made since 2005/06
178
3.67
Sports
Jan 16, 2010
Go to Creator's Profile
Score Distribution
Quiz Creator Spotlight
danielsuckshard
Follow
Send a Message
Quizzes Created
-
Created Quiz Play Count
-
More By This Creator
Popular Quizzes Today
1
Find the US States - No Outlines Minefield
2
Find the Countries of Europe - No Outlines Minefield
3
The Countries of the World
4
Popular People in 1961
5
1-10 Letter E Words III
6
US States
7
Find the US States
8
One Thing in Common: World Cities II
More Sports Quizzes
Premier League Teams by Garden Gnome
Editor's Pick
Trending Quizzes
Risky Map Clicking: Least Populous States A-Z
1-10 Letter F Words
1-10 Letter G Words
One Thing in Common: United Kingdom
Risky Map Clicking: Next State Alphabetically
Recently Updated
Leaping Animals
pecheneg
Reality TV Shows (A-Z)
bhenderson79
Rickey Henderson's Hall of Fame Teammates
pecheneg
Champions League XIs: Arsenal
pecheneg
Quick Pick: Celebrities in WWE's Hall of Fame
aduchscher
A-Z Keypad Blitz II
pecheneg
Multiple Oscar Actors
pecheneg
Mystery Phrase Blitz: Oscar 'Best Actors'
pecheneg
F. Scott Fitzgerald Novels
LTH
Pick 3 Villains
ddd62291
Trending Topics
Kpop
Disney
Marvel
Harry Potter
Anime
NBA
Crossword
Puzzle
Pokémon
Country
Song
WWE
The Office
Soccer
NFL
Your Account Isn't Verified!
In order to create a playlist on Sporcle, you need to verify the email address you used during registration. Go to your
Sporcle Settings
to finish the process.
Report this User
Report this user for behavior that violates our
Community Guidelines
.
Details:
Send Report
Go to the Sporcle.com Mobile Site →
Comments